000 00674nam a2200265Ia 4500
005 20260121173637.0
008 008 260114s9999 xx 000 0 eng d
020 _a9783319133836
037 _aEBOOK
040 _aCRL
040 _beng
040 _cCRL
041 _2eng
041 _aeng
084 _qCRL
100 _aWilliam J. Devlin Alisa Bokulich
_91103427
245 0 _aKuhn?s Structure of Scientific Revolutions - 50 Years On
260 _bSpringer
260 _bSpringer
260 _c2015
856 _uhttps://link.springer.com/openurl?genre=book&isbn=978-3-319-13383-6
942 _cEBOOK
999 _c1669173
_d1669173